Venen im Menschlichen Körper - Statistiken

Allgemein
  • Dieses Quiz wurde 10 mal gespielt
  • Das Durchschnittsergebnis liegt bei 9 aus 27
Antwortstatistiken
Körperabschnitt Venen % Korrekt
Oberarme Vena brachialis
75%
Zum Herz Vena cava superior
75%
Bein oben Vena femoralis
75%
Unterarme Vena radialis
75%
Unterarme Vena ulnaris
75%
Schultern Vena axillaris
50%
Zum Herzen Vena cava inferior
50%
Brust/Bauch Vena hepatica
50%
Brust/Bauch Vena splenica
50%
Bein unten Vena tibialis anterior
50%
Zum Herz Vena brachiocephalica
25%
Arme Vena cephalica
25%
Hüfte Vena iliaca communis
25%
Hüfte Vena iliaca externa
25%
Hüfte Vena iliaca interna
25%
Knie Vena poplitea
25%
Brust/Bauch Vena renalis sinistra/dextra
25%
Schultern Vena subclavia
25%
Bein unten Vena tibialis posterior
25%
Unterarme Vena basilica
0%
Kopf Vena jugolaris externa
0%
Kopf Vena jugolaris interna
0%
Ellenbogen Vena mediana cubiti
0%
Brust/Bauch Vena mesenterica superior/inferior
0%
Brust/Bauch Vena ovarica
0%
Brust/Bauch Vena portae hepatis
0%
Bein Vena saphena magna
0%
Keine übereinstimmenden Quizze gefunden
Verteilung der Resultate
Anzahl Personen mit jedem Resultat
Perzentil nach korrekt beantworteten Fragen
Ihre Resultats-Entwicklung
Sie haben dieses Quiz noch nicht gespielt